Система АСКРО в Томской области для контроля радиационной безопасности; Ресурсоэффективные системы в управлении и контроле: взгляд в будущее

Dades bibliogràfiques
Parent link:Ресурсоэффективные системы в управлении и контроле: взгляд в будущее.— 2022.— [С. 17]
Autor principal: Бектенов Д. Е.
Autor corporatiu: Национальный исследовательский Томский политехнический университет Инженерная школа природных ресурсов Отделение геологии
Altres autors: Язиков Е. Г. Егор Григорьевич (научный руководитель)
Sumari:Заглавие с экрана
Idioma:rus
Publicat: 2022
Matèries:
Accés en línia:http://earchive.tpu.ru/handle/11683/74763
Format: MixedMaterials Electrònic Capítol de llibre
KOHA link:https://koha.lib.tpu.ru/cgi-bin/koha/opac-detail.pl?biblionumber=635542

MARC

LEADER 00000naa2a2200000 4500
001 635542
005 20231101133851.0
035 |a (RuTPU)RU\TPU\conf\37396 
035 |a RU\TPU\conf\37394 
090 |a 635542 
100 |a 20230217d2022 k y0rusy50 ca 
101 0 |a rus 
102 |a RU 
105 |a y z 101zy 
135 |a drgn ---uucaa 
181 0 |a i  
182 0 |a b 
200 1 |a Система АСКРО в Томской области для контроля радиационной безопасности  |f Д. Е. Бектенов  |g науч. рук. Е. Г. Язиков 
203 |a Текст  |c электронный 
230 |a 1 компьютерный файл (pdf; 475 Kb) 
300 |a Заглавие с экрана 
320 |a [Библиогр.: с. 17 (3 назв.)] 
463 0 |0 (RuTPU)RU\TPU\conf\37331  |t Ресурсоэффективные системы в управлении и контроле: взгляд в будущее  |o сборник научных трудов XI Международной конференции школьников, студентов, аспирантов, молодых ученых, 8-10 ноября 2022 г., г. Томск  |f Национальный исследовательский Томский политехнический университет (ТПУ)  |v [С. 17]  |d 2022 
610 1 |a электронный ресурс 
610 1 |a труды учёных ТПУ 
610 1 |a контроль 
610 1 |a радиационная безопасность 
610 1 |a Томская область 
610 1 |a информационные системы 
610 1 |a ГИС-анализ 
610 1 |a экологическая обстановка 
700 1 |a Бектенов  |b Д. Е. 
702 1 |a Язиков  |b Е. Г.  |c специалист в области геологии и минералогии  |c профессор Томского политехнического университета, доктор геолого-минералогических наук, заместитель проректора по образовательной и международной деятельности  |f 1955-  |g Егор Григорьевич  |2 stltpush  |4 727 
712 0 2 |a Национальный исследовательский Томский политехнический университет  |b Инженерная школа природных ресурсов  |b Отделение геологии  |h 8083  |2 stltpush  |3 (RuTPU)RU\TPU\col\23542 
801 2 |a RU  |b 63413507  |c 20230306  |g RCR 
856 4 |u http://earchive.tpu.ru/handle/11683/74763 
942 |c BK